000 00585nam a2200181 a 4500
001 vtls000131500
005 20161215094512.0
008 090723 000 0 urd d
020 _a9695031153
040 _cPK-LaUMT
082 _aMMC 954.914
_bANJ-P
100 _aانجم رحمانی
245 1 _aپنجاب Punjab :
_b/تمدنی و معاشرتی جائزہ
_cAnjum Rehmani
260 _aلاھور:
_bالفیصل ناشران و تاجران کتب ,
_c1998
300 _a548ص ؛ 24س م
650 _aپنجاب ﹚پاکستان﹙۔۔ تاریخ
942 _cBK
999 _c89047
_d89047